000 00441nam a2200157Ia 4500
003 Ost
005 20260507075702.0
008 260507s9999||||xx |||||||||||||| ||und||
040 _cfsecg
041 _aara
100 _aبكري، كامل
_eمؤلف
245 0 _aمبادئ الاقتصاد /
_c كامل بكري
260 _aالاسكندرية:
_bالدار الجامعية,
_c1986
300 _a487 صفحة؛
942 _cكتاب
999 _c45852
_d45852